Theodor Fontane - Herr von Ribbeck auf Ribbeck im Havelland - Statistiken

Allgemein
  • Dieses Quiz wurde 177 mal gespielt
  • Das Durchschnittsergebnis liegt bei 46 aus 289
Antwortstatistiken
Antwort % Korrekt
Herr
100%
von
94%
Ribbeck
91%
Ribbeck
81%
im
80%
Havelland,
79%
auf
77%
Ein
73%
Garten
72%
in
72%
seinem
72%
stand,
72%
Birnbaum
71%
Und
46%
kam
42%
die
39%
goldene
38%
Herbsteszeit
34%
Und
33%
breit,
30%
und
29%
weit
29%
die
28%
Birnen
27%
Da
26%
leuchteten
25%
beide
21%
Der
21%
kam
21%
Ribbeck
21%
sich
21%
stopfte,
21%
Taschen
21%
Und
21%
voll,
21%
von
21%
Birn.“
20%
daher,
20%
ein
20%
Junge
20%
scholl,
20%
Turme
20%
vom
20%
wenn’s
20%
Dirn,
19%
er:
19%
in
19%
Mittag
19%
Pantinen
19%
rief
19%
So
19%
Beer?“
18%
ein
18%
er:
18%
„Junge,
18%
kam
18%
„Lütt
18%
’ne
18%
’ne
18%
Ribbeck
18%
rief
18%
so
18%
Und
18%
bis
17%
Der
17%
es
17%
ging
17%
kam.
17%
Mädel,
17%
Ribbeck
17%
So
17%
sterben
17%
von
17%
wiste
17%
zu
17%
auf
16%
hebb
16%
ick
16%
Jahre,
16%
Kumm
16%
lobesam
16%
röwer,
16%
viel
16%
Birne
15%
eine
15%
Er
15%
Grab.“
15%
ins
15%
Legt
15%
mir
15%
mit
15%
ab.
14%
Ende.
14%
fühlte
14%
„Ich
14%
man
14%
nun
14%
sein
14%
Wer
14%
Alle
13%
aus
13%
Bauern
13%
Birnen
13%
Da
13%
das
13%
dem
13%
die
13%
die
13%
Doppeldachhaus,
13%
drauf,
13%
drei
13%
Feiergesicht
13%
Herbsteszeit,
13%
Herze
13%
hinaus,
13%
is
13%
„Jesus
13%
Kinder
13%
klagten,
13%
meine
13%
mit
13%
nu.
13%
Ribbeck:
13%
Ribbeck
13%
sagte
13%
Sangen
13%
scheide
13%
schwer:
13%
sie
13%
Tage
13%
Trugen
13%
Und
13%
und
13%
Und
13%
von
13%
von
13%
war
13%
Zuversicht“,
13%
Ach,
12%
alten
12%
bat,
12%
Beer?“
12%
breit;
12%
Büdner
12%
den
12%
Der
12%
dod
12%
er
12%
„He
12%
kannten
12%
lachten
12%
’ne
12%
nu
12%
’s
12%
sie
12%
So
12%
und
12%
uns
12%
weit
12%
Wieder
12%
Als
11%
Birn‘
11%
Das
11%
der
11%
die
11%
eine
11%
er
11%
freilich,
11%
Grab
11%
ins
11%
Kinder.
11%
klagten
11%
knausert
11%
neue
11%
nicht
11%
recht -
11%
Ribbeck
11%
schlecht;
11%
tat,
11%
um
11%
und
11%
war
11%
Aber
10%
alte,
10%
aus
10%
Birnbaum
10%
Birnbaumsprössling
10%
damals
10%
dem
10%
den
10%
der
10%
Der
10%
eigenen
10%
Ein
10%
gegen
10%
genau,
10%
giwt
10%
Hält
10%
Haus
10%
Misstrauen
10%
schon
10%
Sohn,
10%
spart,
10%
stillen
10%
strenge
10%
und
10%
Und
10%
Und
10%
verwahrt.
10%
voll
10%
vorahnend
10%
was
10%
wusste
10%
Havelland.
9%
heraus.
9%
im
9%
Jahr
9%
Park
9%
Ribbeck
9%
Segen
9%
So
9%
spendet
9%
sprosst
9%
Und
9%
ab,
8%
auf
8%
auf
8%
Birnbaum
8%
dem
8%
Des
8%
die
8%
die
8%
dritten
8%
ein
8%
Grab,
8%
Hand
8%
im
8%
immer
8%
Jahre
8%
kommt
8%
Längst
8%
noch
8%
Ribbeck
8%
sich
8%
über
8%
Und
8%
und
8%
Und
8%
von
8%
wohl
8%
wölbt
8%
Birn.“
7%
breit.
7%
der
7%
ein
7%
gingen
7%
goldenen
7%
Herbsteszeit
7%
in
7%
Jung’
7%
Leuchtet’s
7%
und
7%
weit
7%
wieder
7%
Beer?“
6%
Dirn,
6%
ein
6%
flüstert’s:
6%
her,
6%
Kirchhof
6%
kommt
6%
„Lütt
6%
’ne
6%
’ne
6%
so
6%
übern
6%
Und
6%
„Wiste
6%
Baume:
5%
di
5%
flüstert’s
5%
ick
5%
im
5%
Kumm
5%
Mädel,
5%
röwer,
5%
So
5%
gew’
4%
man
4%
Keine übereinstimmenden Quizze gefunden
Verteilung der Resultate
Anzahl Personen mit jedem Resultat
Perzentil nach korrekt beantworteten Fragen
Ihre Resultats-Entwicklung
Sie haben dieses Quiz noch nicht gespielt